Sagrados misterios de la justicia hispana.

Saved in:
Bibliografiske detaljer
Hovedforfatter: Frankenau, Gerardo Ernesto de (autor)
Andre forfattere: Durán Ramas, María Angeles (traducción y edición), Clavero, Bartolomé (presentación)
Format: Bog
Udgivet: Madrid, España: Centro de Estudios Constitucionales, 1993.
Fag:
Tags: Tilføj Tag
Ingen Tags, Vær først til at tagge denne postø!

MARC

LEADER 00000nam a22000007a 4500
003 CL-VaPUC
005 20220822114648.0
008 220719t1993 ||||| |||| 00| 0 eng d
999 |c 437257  |d 437255 
020 |a 84-259-0946-5 
040 |c Pontificia Universidad Católica de Valparaíso 
082 7 |a 349.46 FRA 1993  |2 22 
100 1 |a Frankenau, Gerardo Ernesto de   |e autor  |9 873355 
245 |a Sagrados misterios de la justicia hispana.  
260 |a Madrid, España:  |b Centro de Estudios Constitucionales,   |c 1993. 
300 |a 654 páginas. 
500 |a c.1 Donación Familia Prof. Alejandro Guzmán Brito. 
583 |c 20220719  |k Cristina María Rojas Aguilar 
650 |a Derecho   |z España  |x Fuentes  |9 873356 
700 |a Durán Ramas, María Angeles  |e traducción y edición   |9 873357 
700 |a Clavero, Bartolomé   |e presentación   |9 873358 
942 |2 ddc  |c BK  |n 0 
952 |0 0  |1 0  |2 ddc  |4 0  |6 349_460000000000000_FRA_1993  |7 0  |8 C_AGB  |9 585015  |a BIBDER  |b BIBDER  |d 2022-07-19  |e Donación   |i 5653079  |o 349.46 FRA 1993  |p 5653079  |r 2023-01-25  |t 1  |w 2022-07-19  |y BK_US  |k AGB